Every meal a banquet, every night a honeymoon : unforgettable African experiences (Record no. 406158)

MARC details
000 -LEADER
fixed length control field 00331nam a2200097Ia 4500
082 ## - DEWEY DECIMAL CLASSIFICATION NUMBER
Classification number 070.44 YOUN
008 - FIXED-LENGTH DATA ELEMENTS--GENERAL INFORMATION
fixed length control field 210817s9999 xx 000 0 und d
100 ## - MAIN ENTRY--PERSONAL NAME
Personal name YOUNGHUSBAND, Peter L. Johannesburg, 2003
9 (RLIN) 96553
245 #0 - TITLE STATEMENT
Title Every meal a banquet, every night a honeymoon : unforgettable African experiences
942 ## - ADDED ENTRY ELEMENTS
item type Books

No items available.